| 000 | 00647nam a2200205Ia 4500 | ||
|---|---|---|---|
| 008 | 240729s9999 xx 000 0 und d | ||
| 022 | _a2345-2420 | ||
| 245 | 0 | _aIranian Journal of Oil & Gas Science and Technology | |
| 260 | _aIran, Islamic Republic of | ||
| 260 | _bPetroleum University of Technology | ||
| 650 | _a Chemical technology | ||
| 650 | _a Chemical technology | ||
| 650 | _a Gas industry | ||
| 650 | _a Oils, fats, and waxes | ||
| 650 | _a Petroleum refining. Petroleum products | Technology | ||
| 650 | _aTechnology | ||
| 856 | _uhttps://doaj.org/toc/8dd852a85edd4d67916e3b8b5739bc9c | ||
| 942 | _2ddc | ||
| 942 | _cDOAJEJ | ||
| 999 |
_c69613 _d69613 |
||
| 945 |
_a1 _bMadushi Gamage _c1 _dMadushi Gamage |
||